000 02878nam a22002894a 4500
003 BOLpUSFA
005 20230412222538.0
008 t bo ad rm 001 | spa d
040 _aBOLpUSFA
041 _aspa
044 _aBO
082 _aCOM0113
_bM337p T
100 _a Marin Paredes, Paola Andrea
245 _aPlanificación de una estrategia de social media marketing para posicionar en la mente de posibles consumidores a la empresa de alimentos Bazali S.R.L. de la ciudad de La Paz
260 _aLa Paz :
_bUniversidad Privada San Francisco de Asís, Carrera de Comunicación Social,
_c2021.
300 _a290 p. :
502 _aTesis de Grado presentada para optar el Grado Académico de Licenciatura en Comunicación Social - Universidad Privada San Francisco de Asís. 2021. - Tutor: Lic. Rodrigo Mauricio Michell Montaño.
520 _aResumen La empresa de alimentos “Bazali”, es un emprendimiento boliviano, dedicado a la producción y comercialización de alimentos gourmet y saludables de panadería y galletería, con aproximadamente 8 años de vigencia, los productos de “Bazali”, se han colocado en los principales escaparates de los supermercados de La Paz, sin embargo, no logro alcanzar un posicionamiento en el mercado. Esto se debería principalmente a que la empresa no cuenta con ningún tipo de estrategia digital, ni un plan bien establecido para difundir o promover su marca y los productos, lo que la pone en desventaja en comparación a otras empresas del mismo rubro. El presente proyecto propone la planificación de una estrategia de social media marketing para la empresa de alimentos “Bazali”, con el fin de visibilizar la marca y promocionar sus productos como parte de una estrategia de posicionamiento en las redes sociales. Para el desarrollo de la propuesta la investigación será fundamental, por ello, se acudirá al empleo de técnicas de recolección de información pertinentes que nos permitan recaudar datos de primera mano, para posteriormente analizarlos y determinar todos los parámetros necesarios para elaborar la estrategia de posicionamiento de “Bazali”. Durante el desarrollo de la propuesta se implementarán elementos muy valiosos para la empresa, que permitirán a mediano o largo plazo posicionar a “Bazali” de forma exitosa. El proyecto se dividirá en dos grandes partes: la primera, se establecerá todos los pasos teóricos e investigaciones previas a la puesta en marcha del plan y en la segunda se explicará todo el proceso práctico, desde la elección las plataformas sociales hasta su implementación
650 _aTesis de Grado
650 _aComunicación Social
650 _aMarketing digital
650 _aEstrategia de comunicación
650 _aPosicionamiento marca
650 _aIndustrias alimenticias
650 _aGalletas
942 _2ddc
_cTE
_zWM
999 _c8699
_d8699